Leninské zásady straníckej demokracie

Bibliographic Details
Main Author: Bachšijev, Dubija Jusufovič (Author)
Other Authors: Friš, Eduard, 1912-1978 (Translator)
Format: Book
Language:Slovak
Russian
PhysicalDescription:122 strán 21 cm
Published: Bratislava Slovenské vydavateľstvo politickej literatúry 1957
Edition:1. vyd.
Series:Výstavba strany
Subjects:

MARC

LEADER 00000cam a2200000 a 4500
001 vtls008327612
003 SK-MaSNL
005 20260302015800.0
008 250312s1957 xo f nf 000 0 slo
015 |a SNBA1957/10-01368 
020 |q (brožované) 
035 |a SK01SNK19570019829 
035 |a urn:nbn:sk:snk-am3i6k5 
035 |a DB3B02B0-5D5F-49FA-9042-36A45CE9EC18 
035 |a urn:nbn:sk:snk-am00dlv9 
035 |a SKM000022292 
040 |a SNK  |b slo  |c SNK  |e AACR2 
041 1 |a slo  |h rus 
043 |a e-ur--- 
044 |a xo  |c SK 
072 7 |a 323  |x Vnútropolitický vývoj, politický život  |2 konspekt 
080 |a 32.74(47+57)  |2 1981 
080 |a 329.15(47+57)KSSZ  |2 1981 
080 |a 323  |2 2011 
080 |a 321.64  |2 2011 
080 |a 329.1/.6  |2 2011 
080 |a (47+57)  |2 2011 
080 |a (035)  |2 2011 
080 |a 329.15  |2 2011 
100 1 |a Bachšijev, Dubija Jusufovič  |4 aut  |9 661912 
240 1 0 |a Leninskije principy partijnoj demokratii  |l Slovensky 
245 1 0 |a Leninské zásady straníckej demokracie  |c D. Bachšijev ; [z ruského originálu Leninskije principy partijnoj demokratii ... preložil Edo Friš] 
250 |a 1. vyd. 
260 |a Bratislava  |b Slovenské vydavateľstvo politickej literatúry  |c 1957 
300 |a 122 strán  |c 21 cm 
366 |e 4000 kusov 
490 1 |a Výstavba strany 
504 |a Obsahuje bibliografické odkazy 
610 2 7 |a Kommunističeskaja partija Sovetskogo Sojuza  |2 SNKKA  |9 50548 
650 0 7 |a politické strany  |2 SNKPH  |9 3589 
650 0 7 |a totalitarizmus  |2 SNKPH  |9 3784 
650 0 7 |a vnútorná politika  |2 SNKPH  |9 970 
650 0 7 |a komunistické strany  |2 SNKPH  |9 3597 
651 7 |a Sovietsky zväz  |2 SNKPHgeo  |9 22126 
655 7 |a príručky  |2 SNKPH  |9 74364 
700 1 |a Friš, Eduard,  |d 1912-1978  |4 trl  |9 54350 
830 0 |a Výstavba strany  |9 307701 
852 |a Slovenská národná knižnica 
958 |a RK 
958 |a TL 
958 |a OP 
958 |a RU 
958 |a NB 
958 |a SP 
958 |a OND 
999 |c 1022608  |d 1024538 
952 |a SNK  |b SNK  |y PREZ  |7 0  |p 17A0837021  |o snkSC 10735  |i snkKSP 2847/57  |0 0  |1 0  |4 0  |d 2019-10-25  |f 1  |l 0  |r 2025-07-11 00:00:00  |w 2026-02-24